What's Missing from the Painting? - Statistics

General Stats
  • This quiz has been taken 184 times
  • The average score is 8 of 15
Answers on the Map
Answers color-coded by a green-red scale on the quiz's map according to % correct below.
 
Answer Stats
Answer % Correct
Lisa del Giocondo
97%
French Flag
78%
George Washington
78%
Green apple
65%
Shell
63%
Ten Commandments
61%
Stopwatch
55%
Great Sphinx of Giza
51%
Julius Caesar
51%
Napoleon Bonaparte
51%
Bastille
45%
Bull
25%
Mandolin
20%
Louis XVI
18%
Milk jug
12%
No matching quizzes found
Score Distribution
Percent of People with Each Score
Percentile by Number Answered
Your Score History
You have not taken this quiz